WWE 2000's Multiple Choice Quiz - Statistics

General Stats
  • This quiz has been taken 3,009 times
  • The average score is 8 of 15
Answer Stats
Question Answer % Correct
In October 2000. who was revealed to have ran over Stone Cold Steve Austin the previous year? Rikishi
78%
In 2006, the Money In The Bank briefcase was cashed in for the very first time. Who cashed in the briefcase, and whom did they win the title from? Edge, to defeat John Cena
73%
Who won the 2003 Royal Rumble match? Brock Lesnar
72%
Who was the leader of The Cabinet stable on Smackdown during 2004/2005? JBL
68%
Which stable did DX (Triple H & Shawn Michaels) face in a Handicap match in the main event of the Vengeance 2006 pay-per-view event? The Spirit Squad
65%
The Un-Americans stable was made up of Lance Storm, Christian, William Regal and.... Test
61%
Which five men made up Team Alliance in the final battle of the Invasion at Survivor Series 2001? Booker T, Stone Cold Steve Austin, Kurt Angle, Rob Van Dam & Shane McMahon
58%
Stone Cold Steve Austin and Triple H battled The Undertaker and Kane in the main event of Backlash 2001. What was the unique stipulation for that match? Every championship held by each man was on the line
57%
Val Venis became Eric Bischoff's lackey under which character in late 2002? Chief Morley
55%
Chris Jericho defeated Shawn Michaels to retain the World Heavyweight Championship in the main event of No Mercy 2008. What type of match did they compete in? Ladder match
40%
Who did Chris Jericho defend the Undisputed Championship against at Royal Rumble 2002? The Rock
40%
Which of the following matches did NOT take place at SummerSlam 2004? Randy Orton vs. Triple H
38%
John Cena defended the WWE Championship against Shawn Michaels on an April 2007 episode of Monday Night Raw in a match that lasted nearly an entire hour. Where did the match take place? London, England
37%
Who did Rob Van Dam lose the Hardcore Championship to at Vengeance 2001? The Undertaker
31%
The Intercontinental Championship was brought back to WWE at Judgment Day in 2003. Who won the Battle Royal to become the new champion? Christian
30%
No matching quizzes found
Score Distribution
Percent of People with Each Score
Percentile by Number Answered
Your Score History
You have not taken this quiz